00313nam a2200133Ia 45000030006000000080041000060400015000471000029000622450017000912600034001083000006001425460014001480050017001620STCL150530s9999 xx 000 0 und d aSTCLcSTCL aChandrasekharan Nair, N. aChathurengam bTouring Books ; Calicutc1974 a0 aMalayalam20220125170759.0